1710 1238 1421 1110 1582 1530 1219 1987 1477 1332 1195 1197 1125 1551 1600 1664 1838 1724 1042 1717 1664 1278 1186 1760 1628 1194 1457 1236 1555 1587 1329 1465 1153 1425 1023 1820 1389 1570 1362 1238 1422 1812 1824 1462 1836 1533 1299 1331 1187 1648 1899 1898 1565 1862 1799 1918 1532 1099 1778 1734 1610 1779 1265 1362 1867 1663 1477 1051 1028 1971 1013 1047 1618 1901 1709 1010 1901 1228 1900 1618 1600 1531 1842 1120 1497 1698 1979 1055 1893 1993 1591 1922 1792 1657 1740 1457 1557 1417 1570 BCNSPRNW ULIB Ver.6.0+V

เปลี่ยนเป็นภาษาไทย

Change to English
 แสดงรายละเอียดบรรณานุกรม
  กลับหน้าหลัก

Brief Record : Get Marc (ISO 2709) : E-mail record : QR code < ปิดหน้าต่าง
LEADER : 00000nam 2200000uu 4500
001    13399112069
003     ULIB
008    110726s2542||||th 000 0 tha d
020    9748669033
060 04 WY100.4^bก365ค 2542
245 00 คู่มือการวินิจฉัยการพยาบาล 1995-1996 =^bManual of nursing diagnosis 1995-1996 /^cโดย Marjory Gordon ;^cvผู้แปล,ศิริพร ขัมภลิขิต, สุภาพ ธีระประทีป, ธีรนุช ห้านิรัติศัย
246 31 Manual of nursing diagnosis 1995-1996
260    กรุงเทพฯ :^bบุ๊คเน็ท,^c2542
300    (20), 269 หน้า
650  2 Nursing Diagnosis
650  7 การพยาบาล, การวินิจฉัย
700 1  Gordon, Marjory,^eผู้แต่ง
700 0  ศิริพร ขัมภลิขิต,^eผู้แปล
700 0  สุภาพ ธีระประทีป,^eผู้แปล
700 0  ธีรนุช ห้านิรัติศัย,^eผู้แปล
945    ^p0^l0^i010546
945    ^p0^l0^i010547
945    ^p0^l0^i010548
945    ^p0^l0^i012173
945    ^p0^l0^i012174
945    ^p0^l0^i012175
945    ^p0^l0^i012176
945    ^p0^l0^i012177
945    ^p0^l0^i012178
995    ทศพร
999 ^a ทศพร
รายการนี้ยังไม่มีแท็ก
คุณยังไม่ได้ล็อกอิน คุณสามารถมีกิจกรรมร่วมกับเว็บไซต์ได้ แต่ต้องล็อกอินก่อน ::
  ล็อกอิน

รายการสื่อสารสนเทศ

ลำดับที่ ประเภท เลขเรียก/บาร์โค้ด สถานที่ สถานะ
- ไม่พบข้อมูล -

รายการใกล้เคียง
    หัวเรื่อง [Nursing Diagnosis]
    หัวเรื่อง [การพยาบาล, การวินิจฉัย]

BibComment


ยังไม่เคยถูกคอมเมนท์

คอมเมนท์ทรัพยากรรายการนี้
  คอมเมนท์: คู่มือการวินิจฉัย..


 Copyright 2026. Bcnsprnw @Library